000 00711nam a22002057a 4500
999 _c12903
_d12903
003 AR-CdUCM
008 190410b ||||| |||| 00| 0 spa d
040 _aMUNICIPALIDAD PROVINCIAL DEL CUSCO
_cBIBLIOTECA MUNICIPAL DEL CUSCO
082 _a869.56 /
_bD45
100 _aDegregori, Carlos Iván,
_947
245 _aPara calmar la ira de los dioses :
_bcultura, creación y vida cotidiana /
260 _aTrujillo :
_bEdiciones cuadernos trimestrales de poesia,
_c1964.
300 _a47 paginas ;
_c19 cm.
505 _aContenido : Poesía
650 _aPoesía peruana
_9806
650 _aPoesía lírica
_911722
650 _aSociedad y cultura
_931028
942 _2ddc
_cLIBROS
945 _awnts
_d2019-04-10